| Tag |
First Indicator |
Second Indicator |
Subfields |
| LEADER |
00000cam a2200000 a 4500 |
| 001 |
in00000018094 |
| 005 |
20220103114959.0 |
| 007 |
cr unu a |
| 008 |
880613s1986 xx a b 00010 eng d |
| 035 |
|
|
|9 AAB0578AM
|
| 035 |
|
|
|a (OCoLC)18078817
|
| 040 |
|
|
|a TXA
|c TXA
|d UtOrBLW
|
| 049 |
|
|
|a TXAZ [Also in] [Archives]
|c 1 [A10792321], 2 [A10792371]
|
| 099 |
|
|
|a 1986
|a Thesis
|a T784
|
| 100 |
1 |
|
|a Treat, Mary Love,
|d 1957-
|
| 245 |
1 |
0 |
|a Mutagenesis of the metJBLF gene cluster with transposon Tn5 :
|b localization of the metF transcriptional unit /
|c by Mary Love Treat.
|
| 264 |
|
1 |
|a [Place of publication not identified] :
|b [publisher not identified] ;
|c 1986.
|
| 300 |
|
|
|a viii, 57 leaves :
|b illustrations ;
|c 29 cm.
|
| 336 |
|
|
|a text
|b txt
|2 rdacontent
|
| 337 |
|
|
|a computer
|b c
|2 rdamedia
|
| 338 |
|
|
|a online resource
|b cr
|2 rdacarrier
|
| 500 |
|
|
|a "Major subject: Microbiology."
|
| 500 |
|
|
|a Typescript (photocopy).
|
| 500 |
|
|
|a Vita.
|
| 502 |
|
|
|b M.S.
|c Texas A&M University
|d 1986.
|
| 504 |
|
|
|a Bibliography: leaves 47-56.
|
| 530 |
|
|
|a Also available online.
|
| 650 |
|
0 |
|a Escherichia coli
|x Genetics.
|
| 650 |
|
0 |
|a Insertion elements, DNA.
|
| 650 |
|
0 |
|a Mutagenesis.
|
| 650 |
|
4 |
|a Major microbiology.
|
| 856 |
4 |
1 |
|u https://hdl.handle.net/1969.1/ETD-TAMU-1986-THESIS-T784
|z Link to OAKTrust copy
|t 0
|
| 999 |
|
|
|a MARS
|
| 999 |
f |
f |
|s 63ba1f57-329a-36f9-aa8b-565424fe85d3
|i d1a0f9f1-9b9e-3534-86b5-d4ea6a5d019a
|t 0
|
| 952 |
f |
f |
|p noncirc
|a Texas A&M University
|b J.J. Pickle Campus
|c High Density Repository
|s HDR
|d Remote Storage
|t 0
|e 1986 Thesis T784
|h Other scheme
|i computer -- online resource
|m A14839613219
|
| 952 |
f |
f |
|a Texas A&M University
|b College Station
|c Electronic Resources
|s www_evans
|d Available Online
|t 0
|e 1986 Thesis T784
|h Other scheme
|
| 998 |
f |
f |
|a 1986 Thesis T784
|t 0
|l Available Online
|
| 998 |
f |
f |
|a 1986 Thesis T784
|t 0
|l Remote Storage
|